| 000 | 00825cab a2200253 4500 | ||
|---|---|---|---|
| 001 | WB3014-89 | ||
| 008 | 090401t1994 xxu||||| |||| 00| 0 eng d | ||
| 035 | _a(Sirsi) u24493 | ||
| 041 | _aeng | ||
| 245 | _aCouncil tax bands wrongly valued | ||
| 260 | _c1994 | ||
| 350 | _a0 | ||
| 490 |
_aTimes _v8 April 1994, 7; 9 April 1994, 2 |
||
| 490 |
_aFinancial Times _v8 April 1994, 1 |
||
| 490 |
_aGuardian _v8 April 1994, 9 |
||
| 490 |
_aDaily Telegraph _v9 April 1994, B9 |
||
| 490 |
_aRICS Press Release _v(PR54/94Res) 8 April 1994 (5) |
||
| 520 | _aNational Audit Office figures suggest that as many as 900,000 dwellings may be in too high a band for council tax assessment and 1.1m too low. | ||
| 650 | _aBANDING | ||
| 650 | _aCOUNCIL TAX | ||
| 690 | _aRATING AND VALUATION | ||
| 942 | _n0 | ||
| 948 | _c04/03/1997 | ||
| 999 |
_c16426 _d16426 |
||